<La> qualification et l'Europe.

Európska integrácia a kvalifikácia a ich tri aspekty. Zhoda medzi kvalifikáciou a profesionálnou klasifikáciou. Metodologické ťažkosti. Rôznorodosť úloh. Treba premyslieť ciele a určiť reálnu cestu. (CEREQ-Bref 1991, č.67).

Gespeichert in:
Bibliographische Detailangaben
1. Verfasser: Bertrand, O.
Format: Buchkapitel
Sprache:Französisch
Schlagworte:
Tags: Tag hinzufügen
Keine Tags, Fügen Sie das erste Tag hinzu!

MARC

LEADER 00000naa a2200000 4500
001 r008333
005 20220913125202.1
041 0 |a fre 
044 |a FR 
245 1 0 |a <La> qualification et l'Europe.  |c O. Bertrand 
520 |a Európska integrácia a kvalifikácia a ich tri aspekty. Zhoda medzi kvalifikáciou a profesionálnou klasifikáciou. Metodologické ťažkosti. Rôznorodosť úloh. Treba premyslieť ciele a určiť reálnu cestu. (CEREQ-Bref 1991, č.67). 
610 2 0 |a kvalifikácia 
610 2 0 |a Európa 
610 2 0 |a klasifikácia 
610 2 0 |a povolania 
610 2 0 |a štruktúra kvalifikačná 
610 2 0 |a triedy kvalifikačné 
610 2 0 |a znalosti odborné 
610 2 0 |a zvyšovanie kvalifikácie 
100 1 |a Bertrand, O.